El Pensamiento pedagógico del alicantino Rodolfo Tomás y Samper (Record no. 16824)

MARC details
000 -LEADER
campo de control de longitud fija 00925nam a2200253 i 4500
001 - NÚMERO DE CONTROL
campo de control 16824
003 - IDENTIFICADOR DE NÚMERO DE CONTROL
campo de control ES-MaACL
007 - CAMPO FIJO DE DESCRIPCIÓN FÍSICA--INFORMACIÓN GENERAL
campo de control de longitud fija t|
008 - DATOS DE LONGITUD FIJA--INFORMACIÓN GENERAL
campo de control de longitud fija 001113s1988 sp ||||0| spa j ..|
015 ## - NÚMERO DE BIBLIOGRAFÍA NACIONAL
Número de bibliografía nacional 1990-ENE-466
016 7# - NÚMERO DE CONTROL DE UNA AGENCIA BIBLIOGRÁFICA NACIONAL
Número de control cancelado/no válido SAB9000068654
020 ## - NÚMERO INTERNACIONAL ESTÁNDAR DEL LIBRO
Número Internacional Estándar del Libro 84-404-1865-5
040 ## - FUENTE DE CATALOGACIÓN
Centro catalogador/agencia de origen M-BN-DP
Lengua de catalogación spa
Centro/agencia transcriptor M-BN-DP
080 ## - NÚMERO DE LA CLASIFICACIÓN DECIMAL UNIVERSAL
Número de la Clasificación Decimal Universal 37 Tomás y Samper, Rodolfo
100 1# - ENTRADA PRINCIPAL--NOMBRE DE PERSONA
Nombre de persona Moratinos Iglesias, José F.
9 (RLIN) 83159
245 13 - MENCIÓN DEL TÍTULO
Título El Pensamiento pedagógico del alicantino Rodolfo Tomás y Samper
Resto del título : (el pedagogo, el profesor, el hombre) /
Mención de responsabilidad, etc. José Moratinos Iglesias ; [prólogo, Anselmo Romero Marín].
260 ## - PUBLICACIÓN, DISTRIBUCIÓN, ETC.
Lugar de publicación, distribución, etc. [Alicante :
Nombre del editor, distribuidor, etc. J. Moratinos],
Fecha de publicación, distribución, etc. D.L. 1988 (
Lugar de fabricación/manufactura Alicante :
Fabricante Ayala)
300 ## - DESCRIPCIÓN FÍSICA
Extensión 256 p :
Otras características físicas il ;
Dimensiones 22 cm.
500 ## - NOTA GENERAL
Nota general Tít. tomado de la cub.
504 ## - NOTA DE BIBLIOGRAFÍA, ETC.
Nota de bibliografía, etc. Bibliografía: p. 231-255.
600 14 - PUNTO DE ACCESO ADICIONAL DE MATERIA--NOMBRE DE PERSONA
Nombre de persona Tomás y Samper, Rodolfo.
9 (RLIN) 110534
700 1# - ENTRADA AGREGADA--NOMBRE PERSONAL
Nombre de persona Romero Marín, Anselmo.
9 (RLIN) 99408
852 ## - LOCALIZACIÓN
Ubicación ES-MaACL
Número de control de estantería G-3865
Sublocalización o colección R.115893
Holdings
Estatus retirado Estado de pérdida Estado de daño No para préstamo Biblioteca de origen Biblioteca actual Ubicación en estantería Fecha de adquisición Fuente de adquisición Total de préstamos Signatura topográfica completa Código de barras Visto por última vez Precio de reemplazo Tipo de ítem Koha
        Biblioteca del Ateneo de Madrid Biblioteca del Ateneo de Madrid Depósito 2 17/01/2008     G-3865 1017088 23/02/2023 23/02/2023 Libro impreso